Perfil de mercado, Japón / (Record no. 110296)

MARC details
000 -LEADER
campo de control de longitud fija 00863nam a2200265Ia 4500
001 - NÚMERO DE CONTROL
campo de control 40294
005 - FECHA Y HORA DE LA ÚLTIMA TRANSACCIÓN
campo de control 20230411085955.0
008 - DATOS DE LONGITUD FIJA--INFORMACIÓN GENERAL
campo de control de longitud fija 910827s1978 dr 000 0 spa d
035 ## - NÚMERO DE CONTROL DEL SISTEMA
Número de control de sistema (OCoLC)ocm24296147
040 ## - FUENTE DE CATALOGACIÓN
Centro catalogador/agencia de origen UIU
Centro/agencia transcriptor UIU
035 ## - NÚMERO DE CONTROL DEL SISTEMA
Número de control de sistema (OCoLC)24296147
043 ## - CÓDIGO DE ÁREA GEOGRÁFICA
Código de área geográfica a-ja---
-- nwdr---
092 0# - ASIGNACIÓN LOCAL DE SIGNATURA TOPOGRÁFICA DEWEY (OCLC)
Número de clasificación 330.952
Número de ítem C333p
Número de edición 19
049 ## - FONDOS LOCALES (OCLC)
Biblioteca depositaria GRAL
110 2# - ENTRADA PRINCIPAL--NOMBRE DE ENTIDAD CORPORATIVA
Nombre de entidad corporativa o nombre de jurisdicción como elemento de entrada Centro Dominicano de Promoción de Exportaciones.
245 10 - MENCIÓN DEL TÍTULO
Título Perfil de mercado, Japón /
Mención de responsabilidad, etc. Centro Dominicano de Promoción de Exportaciones.
260 ## - PUBLICACIÓN, DISTRIBUCIÓN, ETC.
Lugar de publicación, distribución, etc. Santo Domingo, Repâublica Dominicana :
Nombre del editor, distribuidor, etc. El Centro,
Fecha de publicación, distribución, etc. [1978?]
300 ## - DESCRIPCIÓN FÍSICA
Extensión 3, 39 leaves ;
Dimensiones 27 cm.
651 #0 - PUNTO DE ACCESO ADICIONAL DE MATERIA--NOMBRE GEOGRÁFICO
Nombre geográfico Japan
Subdivisión general Commercial policy.
651 #0 - PUNTO DE ACCESO ADICIONAL DE MATERIA--NOMBRE GEOGRÁFICO
Nombre geográfico Japan
Subdivisión general Commerce
Subdivisión geográfica Dominican Republic.
651 #0 - PUNTO DE ACCESO ADICIONAL DE MATERIA--NOMBRE GEOGRÁFICO
Nombre geográfico Dominican Republic
Subdivisión general Commerce
Subdivisión geográfica Japan.
651 #0 - PUNTO DE ACCESO ADICIONAL DE MATERIA--NOMBRE GEOGRÁFICO
Nombre geográfico Japan
Subdivisión general Economic conditions
Subdivisión cronológica 1945-
942 ## - ELEMENTOS DE ENTRADA SECUNDARIOS (KOHA)
Fuente del sistema de clasificación o colocación Clasificación de Library of Congress
Tipo de ítem Koha
994 ## -
-- C0
-- DRFGD
Holdings
Estatus retirado Estado de pérdida Fuente del sistema de clasificación o colocación Estado de daño No para préstamo Colección Biblioteca de origen Biblioteca actual Ubicación en estantería Fecha de adquisición Código de barras Visto por última vez Copia número Tipo de ítem Koha
    Clasificación de Library of Congress     Automatización y Procesos Técnicos Biblioteca Juan Bosch Biblioteca Juan Bosch Automatización y Procesos Técnicos (1er. Piso) 11/04/2023 00000041147 17/02/2019 1